| 000 | 00349nam a22001457a 4500 | ||
|---|---|---|---|
| 008 | 210225b ||||| |||| 00| 0 eng d | ||
| 020 | _a9781416055754 | ||
| 041 | _aeng | ||
| 080 |
_28th _a616.12 |
||
| 082 | _a616.12 | ||
| 100 | _a7 | ||
| 101 | _aCAR | ||
| 245 |
_aHeaty Disease a textbook of cardiovascular medicine _cLibby, P |
||
| 942 |
_2udc _cBK |
||
| 999 |
_c55179 _d55179 |
||